Biomateriály na báze proteínov diplomová práca

Na minha lista:
Detalhes bibliográficos
Autor principal: Nováková, Lucia
Formato: Livro
Idioma:eslovaco
Publicado em: Bratislava STU FCHPT 2016
Acesso em linha:View in OPAC
Tags: Adicionar Tag
Sem tags, seja o primeiro a adicionar uma tag!

MARC

LEADER 00000nam a2200000 a 4500
005 20260127134417.0
008 160714 2016 000 0 slo d
035 |a vtls011566959 
039 9 |y 201607140940  |z mschk03 
040 |a STUSCHK1  |b slo  |c STUSCHK1  |e AACR2 
100 1 |a Nováková, Lucia 
245 1 |a Biomateriály na báze proteínov  |b diplomová práca  |c Lucia Nováková 
260 |a Bratislava  |b STU FCHPT  |c 2016 
300 |a 71 s.  |b il.  |c 25 cm 
500 |a Študijný program: prírodné a syntetické polyméry 
500 |a Študijný odbor: chemické technológie 
500 |a Školiace pracovisko: Odd. plastov, kaučuku a vlákien 
500 |a Evid. číslo: FCHPT-13576-44109 
910 |a SCHK95 
999 |c 12103  |d 12103